000 00420nam a2200205Ia 4500
001 000964
003 YMCAF
005 20230512160042.0
008 100717s1971 ||||||||||||||||| ||und|d
024 _a964
035 _a946
040 _aYMCAF
_beng
_cIN-KoLT
041 _aeng
082 _aINT-DEA
100 _aDEAN K.G.
245 0 _aINTEGRATED ELECTRONICS
260 _c1971
300 _a307
942 _2ddc
_cBK
999 _c768
_d768